Statistiche per Riconosci la Squadra di calcio - Quiz n°11

Clicka qui per fare il quiz!

Statistiche generali

  • Questo quiz è stato fatto 17 volte
  • Il punteggio medio è 7 su 10

Statistiche sulle risposte

IndizioRisposta% Corretto
Titoli nazionali1 campionato di Prima Divisione
1 campionato di Serie B
100%
Colori socialiAzzurro
100%
Divisione nazionale 2023-2024Terza
83%
Fondazione1908
67%
Trofei nazionali2 Supercoppe di Lega Pro
67%
Rifondazione2021
58%
ConfederazioneUEFA
58%
Trofei internazionali0
50%
Capienza Stadio17 875 posti
50%
SquadraNovara
25%

Distribuzione punteggi

Percentile per numero di risposta

Percentuale di utenti per punteggio

I tuoi punteggi nel tempo

Non hai fatto questo quiz